logo

Bir Sreshtho Munshi Abdur Rouf Library
Jhenaidah Cadet College

ধূপছায়া / (Record no. 2797)

MARC details
000 -LEADER
fixed length control field 00632nam a2200205 a 4500
001 - CONTROL NUMBER
JCCL Control Number 2797
003 - CONTROL NUMBER IDENTIFIER
JCCL marc code BD-JhCC
005 - DATE AND TIME OF LATEST TRANSACTION
control field 20181105134016.0
008 - FIXED-LENGTH DATA ELEMENTS--GENERAL INFORMATION
fixed length control field 171106b1391 bg ||||| |||| 00| 0 ben d
035 ## - SYSTEM CONTROL NUMBER
system control number (BD-JhCC)
040 ## - CATALOGING SOURCE
Original cataloging agency BD-JhCC
Modifying agency BD-JhCC
041 ## - LANGUAGE CODE
Language code of Book ben
082 ## - DEWEY DECIMAL CLASSIFICATION NUMBER
Classification number 891.443
Author mark and Year ALI 1391
100 ## - MAIN ENTRY--PERSONAL NAME
Personal name আলী, সৈয়দ মুজতবা
245 ## - TITLE STATEMENT
Title ধূপছায়া /
Statement of responsibility, etc সৈয়দ মুজতবা আলী
260 ## - PUBLICATION, DISTRIBUTION, ETC. (IMPRINT)
Place of publication, distribution, etc ঢাকা:
Name of publisher, distributor, etc স্টুডেন্ট ওয়েজ ;
Date of publication, distribution, etc ১৩৯১
300 ## - PHYSICAL DESCRIPTION
Pagination ১৪১ পৃ.;
Dimensions ২২ সেমি
650 ## - SUBJECT ADDED ENTRY--TOPICAL TERM
Topical term or geographic name as entry element Novel
942 ## - ADDED ENTRY ELEMENTS (KOHA)
Source of classification or shelving scheme Dewey Decimal Classification
Koha item type Books
Koha issues (borrowed), all copies 1
Holdings
Source of classification or shelving scheme Damaged status Not for loan Home library Current library Date of accession Total Checkouts Full call number Barcode Date last seen Date checked out Copy number Koha item type
Dewey Decimal Classification     JCC Rouf Library JCC Rouf Library 11/06/2017 1 891.443 ALI 1391 4589 02/18/2019 11/05/2018 C-1 Books

JCC Library | Contacts | JCC Home

Last Update on 23 September 2017
Copyright @ 2017-2020 JCC Rouf Library
Rouf Library, Jhenidah Cadet College (JCC), Bangladesh